Subdivision To Country Quiz - Statistics

General Stats
  • This quiz has been taken 5 times
  • The average score is 12 of 16
Answer Stats
Picture Answer % Correct
Australia
100%
France
100%
South Korea
100%
Spain
100%
United States
100%
Canada
80%
Germany
80%
Italy
80%
Japan
80%
South Africa
80%
Brazil
60%
India
60%
Russia
60%
Egypt
40%
Mexico
40%
Tunisia
40%
No matching quizzes found
Score Distribution
Percent of People with Each Score
Percentile by Number Answered
Your Score History
You have not taken this quiz